A guide tour of creative suite 3 design standard

Saved in:
Bibliographic Details
Main Author: Course technology
Format: Book
Published: 2007
Tags: Add Tag
No Tags, Be the first to tag this record!
Call Number :

MARC

LEADER 00000pam a2200000 4500
001 23572
003 MY-KLNDU
005 20241218081246.0
020 0 0 |a 9781423925729 
035 |a 0000034048 
039 9 |a 201208281008  |b azraai  |c 200911181335  |d VLOAD  |c 200911181148  |d VLOAD  |y 200910091732  |z VLOAD 
100 0 0 |a Course technology 
245 0 2 |a A guide tour of creative suite 3 design standard 
260 0 0 |a 2007 
591 |a 0000004699  |b 21/10/08  |c 0198-07  |d 1  |e RM59.49  |f 1  |g 59.49  |h KOPERASI KEDAIBUKU UNIVERSITI MALAYA BER 
592 |a B0811210099  |b 26/11/08  |c RM61.36  |d 1  |e 61.36 
999 |a vtls000033771  |c 23572  |d 23572